| 000 | 01034cam a22002895a 4500 | ||
|---|---|---|---|
| 001 | 18840598 | ||
| 005 | 20201128023916.0 | ||
| 008 | 151102t2014 enka frb 001 0 eng d | ||
| 020 | _a9780080983561 | ||
| 020 | _a0080983561 | ||
| 040 |
_aUKMGB _beng _cUKMGB _dOCLCO _dYDXCP _dOCLCA _dCUV _dCDX _dOCLCF _dDLC _dEG-ScBUE |
||
| 082 | 0 | 4 |
_a620.001515353 _222 _bLIU |
| 100 | 1 |
_aLiu, G. R. _q(Gui-Rong), |
|
| 245 | 1 | 4 |
_aThe finite element method : _ba practical course / _cG. R. Liu, S.S. Quek. |
| 250 | _a2nd ed. | ||
| 260 |
_aOxford ; _aWaltham : _bButterworth-Heinemann / Elsevier, _cc.2014. |
||
| 300 |
_axxi, 433 p. : _bill. ; _c24 cm. |
||
| 500 | _aIncludes Internet access. | ||
| 500 | _aIndex : p. 425-433. | ||
| 500 | _a"First edition 2013"--Title page verso. "Since the first edition of this book was published in 2003 ..."--Page xxi. | ||
| 504 | _aBibliography : p . 423-424. | ||
| 650 | 7 |
_aFinite element method. _2BUEsh _92126 |
|
| 651 | _2BUEsh | ||
| 653 |
_bENGELC _cOctober2016 |
||
| 700 | 1 | _aQuek, S. S., | |
| 942 | _2ddc | ||
| 999 |
_c22713 _d22685 |
||